000
002930000a22000970004500
100
1
_a
Maust, John
245
1
0
_a
Riding out the storm : LAMers experience the terror of Andrew
300
_a
Vol. 72, Num. 4 (Octubre-Diciembre, 1996), Página 13
773
0
_t
Latin America Evangelist
942
_c
ANA
999
_c
54671
_d
54671